| 000 | 00997cam a22002655a 4500 | ||
|---|---|---|---|
| 001 | 16720454 | ||
| 005 | 20180513124553.0 | ||
| 008 | 110404t2012 flua frb 001 0 eng d | ||
| 020 | _a9781439860915 | ||
| 040 |
_aDLC _cDLC _dDLC _dEG-ScBUE _beng |
||
| 082 | 0 | 4 |
_222 _a658.872 _bRAT |
| 100 | 1 | _aRatner, Bruce. | |
| 245 | 1 | 0 |
_aStatistical and machine-learning data mining : _btechniques for better predictive modeling and analysis of big data / _cBruce Ratner. |
| 250 | _a2nd ed. | ||
| 260 |
_aBoca Raton : _bCRC Press / Taylor & Francis, _cc.2012. |
||
| 300 |
_axxv, 516 p. : _bill. ; _c25 cm. |
||
| 500 | _aRev. ed. of: Statistical modeling and analysis for database marketing. c2003. | ||
| 504 | _aIncludes bibliographical references and index. | ||
| 650 | 7 |
_aDatabase marketing _xStatistical methods. _2BUEsh |
|
| 650 | 7 |
_aData mining _xStatistical methods. _2BUEsh |
|
| 650 | 7 |
_aBig data _xStatistical methods. _2BUEsh _941525 |
|
| 651 | _2BUEsh | ||
| 653 |
_bCOMSCI _cMay2018 |
||
| 942 | _2ddc | ||
| 999 |
_c26703 _d26675 |
||